00868pam a2200205 a 4500999001500000020002700015020002200042050002200064100002000086245013000106260007000236300002800306440004900334505010200383650001200485650002200497700002000519942000700539952011600546 c3740d3740 a0521590515 (hardcover) a0521599628 (pbk.)00aB2773.E5bB4 19971 aKant, Immanuel,10aCritique of practical reason /cImmanuel Kant ; translated and edited by Mary Gregor ; with an introduction by Andrews Reath. aCambridge, U.K. ;aNew York :bCambridge University Press,c1997. axxxvi, 145 p. ;c23 cm. 0aCambridge texts in the history of philosophy aDoctrine of the elements of pure practical reason Doctrine of the method of pure practical reason 0aEthics. 0aPractical reason.1 aGregor, Mary J. cBK 001040708REFaMUCGMbMUCGMcGENd1999-12-01l0oB2773.E5 B4 1997p11732r2018-07-19 00:00:00w2018-07-19yBK